Percy Jackson. Bitva o labyrint /
Uloženo v:
| Série: | Percy Jackson,
část 4 |
|---|---|
| Hlavní autor: | |
| Médium: | E-kniha |
| Jazyk: | Czech |
| Vydáno: |
Praha :
Fragment,
2011
|
| Vydání: | 1. vyd. |
| Témata: | |
| Příbuzné jednotky: | Přeloženo z:
Battle of the labyrinth Z cyklu:: Percy Jackson |
| Tagy: |
Žádné tagy |
| LEADER | 01690nam a2200433 a 4500 | ||
|---|---|---|---|
| 001 | 312528 | ||
| 003 | CZ PrSKC | ||
| 005 | 20260601215724.0 | ||
| 007 | ta | ||
| 008 | 110316s2011 xr c 000 f cze | ||
| 015 | |a cnb002175397 | ||
| 020 | |a 9788025312070 |q (váz.) | ||
| 035 | |a (OCoLC)724299406 | ||
| 040 | |a OLA001 |b cze |d ABA001 | ||
| 041 | 1 | |a cze |h eng | |
| 072 | 7 | |a 821.111(73)-3 |x Americká próza |2 Konspekt | |
| 072 | 7 | |a 821-93 |x Literatura pro děti a mládež (beletrie) |2 Konspekt | |
| 080 | |a 821.111(73)-31 |2 MRF | ||
| 080 | |a 821-93 |2 MRF | ||
| 080 | |a (0:82-312.9) |2 MRF | ||
| 100 | 1 | |a Riordan, Rick, |d 1964- |7 xx0103318 |4 aut | |
| 245 | 1 | 0 | |a Percy Jackson. |p Bitva o labyrint / |c napsal Rick Riordan ; [z anglického originálu ... přeložila Dana Chodilová] |
| 246 | 3 | 0 | |a Bitva o labyrint |
| 250 | |a 1. vyd. | ||
| 260 | |a Praha : |b Fragment, |c 2011 | ||
| 300 | |a 383 s. ; |c 22 cm | ||
| 655 | 7 | |a americké romány |7 fd131796 |2 czenas | |
| 655 | 7 | |a fantasy romány |7 fd184199 |2 czenas | |
| 655 | 7 | |a publikace pro mládež |7 fd133157 |2 czenas | |
| 655 | 9 | |a American fiction |2 eczenas | |
| 655 | 9 | |a fantasy novels |2 eczenas | |
| 655 | 9 | |a juvenile literature |2 eczenas | |
| 765 | 0 | |t Battle of the labyrinth | |
| 787 | 0 | 8 | |i Z cyklu: |t Percy Jackson |g 4 |
| 900 | |a ABA001 |b 18 | ||
| 044 | |a xr | ||
| 910 | |a RBIT002 | ||
| 998 | |d 414657 |a https://core.palmknihy.cz/api/books/414657/cover?skzbao |b https://core.palmknihy.cz/api/books/414657/cover/400?skzbao |c https://core.palmknihy.cz/api/books/414657/cover/50?skzbao |e 2031-02-20 |g 384 |i 9788025312070 |k https://core.palmknihy.cz/api/books/414657/preview.pdf |l |q 49 |r 1 |s https://www.palmknihy.cz/kniha/414657 |t ebook |y 2011 |z 0 | ||
| 999 | |d 312526 | ||